Bocchi the Rock Characters Quiz - Statistics

General Stats
  • This quiz has been taken 52 times
  • The average score is 9 of 14
Answer Stats
Picture Answer % Correct
Hitori Gotoh (Bocchi)
100%
Ikuyo Kita
98%
Ryo Yamada
95%
Nijika Ijichi
93%
Kikuri Hiroi
76%
PA-San
71%
Seika Ijichi
71%
Futari Gotoh
62%
Jimihen
55%
Eliza Shimizu
52%
Shima Iwashita
38%
Michiyo Gotoh
36%
Naoki Gotoh
31%
Yoshida Ginjiro
31%
No matching quizzes found
Score Distribution
Percent of People with Each Score
Percentile by Number Answered
Your Score History
You have not taken this quiz